NATO Phonetic Alphabet - Statistics

General Stats
  • This quiz has been taken 9,945 times
  • The average score is 20 of 26
Answer Stats
Hint Answer % Correct
A ALPHA
99%
C CHARLIE
95%
D DELTA
95%
B BRAVO
94%
F FOXTROT
91%
E ECHO
89%
H HOTEL
82%
L LIMA
81%
X X-RAY
81%
I INDIA
80%
Z ZULU
79%
T TANGO
78%
G GOLF
77%
J JULIET
77%
K KILO
75%
R ROMEO
75%
Q QUEBEC
71%
S SIERRA
70%
N NOVEMBER
69%
O OSCAR
69%
M MIKE
68%
Y YANKEE
68%
W WHISKY
67%
P PAPA
65%
V VICTOR
62%
U UNIFORM
61%
No matching quizzes found
Score Distribution
Percent of People with Each Score
Percentile by Number Answered
Your Score History
You have not taken this quiz